Conversations in a failing state / (Record no. 591)
[ view plain ]
| 000 -LEADER | |
|---|---|
| fixed length control field | 00516cam a22001934a 4500 |
| 001 - CONTROL NUMBER | |
| control field | 15297005 |
| 005 - DATE AND TIME OF LATEST TRANSACTION | |
| control field | 20240610003706.0 |
| 008 - FIXED-LENGTH DATA ELEMENTS--GENERAL INFORMATION | |
| fixed length control field | 080520s2008 cc 000 0 eng |
| 020 ## - INTERNATIONAL STANDARD BOOK NUMBER | |
| ISBN | 9789628314362 |
| 040 ## - CATALOGING SOURCE (பட்டியலாக்க மூலம்) | |
| Original cataloging agency | DLC |
| Transcribing agency | DLC |
| Modifying agency | DLC |
| 082 ## - DDC Classification | |
| DDC Edition Number | 22 |
| Class No. | 323.4. |
| Item Number - Author Mark | CON |
| 100 1# - MAIN ENTRY--PERSONAL NAME | |
| Personal name | Lawrence, Patrick. |
| 245 10 - TITLE STATEMENT | |
| Title | Conversations in a failing state / |
| Statement of responsibility, etc. | Patrick Lawrence. |
| 260 ## - PUBLICATION, DISTRIBUTION, ETC. | |
| Place of publication, distribution, etc. | Hong Kong : |
| Name of publisher, distributor, etc. | Asian Human Rights Commission, |
| Date of publication, distribution, etc. | 2008. |
| 300 ## - PHYSICAL DESCRIPTION | |
| Extent (e.g. Volumes, Pages etc.) | 204 p. ; |
| 650 ## - SUBJECT ADDED ENTRY--TOPICAL TERM | |
| Topical term or geographic name entry element | Human Rights |
| 650 ## - SUBJECT ADDED ENTRY--TOPICAL TERM | |
| Topical term or geographic name entry element | Political |
| 942 ## - Koha item type (Biblio) | |
| Koha item type | Books in Stacks (Lending) |
| Lost status | Damaged status | Collection code | Home library | Current library | Date acquired | Full call number | Accession Number | Item type |
|---|---|---|---|---|---|---|---|---|
| Lending | WERC Library | WERC Library | 03/21/2024 | 323.4. CON | 6058 | Books in Stacks (Lending) |
